000 00811nam a22002177a 4500
005 20220207152220.0
008 220207b ||||| |||| 00| 0 eng d
040 _cAL
041 _aEnglish
082 _223
_a427.954
_bHANH
100 _aNigel B. Hankin
_917278
245 _aHanklyn-janklin or A stranger's rumble-tumble guide to some words customs and quiddities Indian and Indo-British
260 _aNew Delhi
_bBanyan Books
300 _a261 p.
_bHB
_c25x18.5 cm.
365 _b₹225.00
_c
_d₹225.00
650 _a English language -- Foreign words and phrases -- Indic -- Dictionaries
_917279
650 _a English language -- Provincialisms -- India -- Dictionaries
_917280
650 _a India -- Civilization -- Dictionaries
_917281
700 _aHANKIN (Nigel B)
_917282
942 _2ddc
_cGF
999 _c221438
_d221438